3008-香芝市(奈良県)の駅 - Statistics

General Stats
  • This quiz has been taken 17 times
  • The average score is 6 of 8
Answer Stats
Answer % Correct
香芝
92%
五位堂
92%
JR五位堂
92%
二上
77%
二上山
69%
関屋
54%
志都美
46%
近鉄下田
46%
No matching quizzes found
Score Distribution
Percent of People with Each Score
Percentile by Number Answered
Your Score History
You have not taken this quiz